[Event "EuroTel"]
[Site "Prague"]
[Date "1998.09.07"]
[Round "2"]
[White "Timman, Jan"]
[Black "Kasparov, Garry"]
[Result "0-1"]
[WhiteElo "2655"]
[BlackElo "2815"]
[PlyCount "60"]
[EventDate "1998.??.??"]

1. d4 d5 2. c4 (2. Nf3 Nf6 3. c4 c5 4. Nc3 dxc4 5. e3 b5 6. a4 b4 7. Nb1 Ba6 8.
Qc2 b3 9. Qd1 e6 10. Be2 e5 11. Nbd2 Nc6 12. Nxc4 cxd4 13. exd4 Bb4+ 14. Bd2
Bxd2+ 15. Qxd2 O-O 16. O-O 16... Rc8 {- Adamski-Tischbierek,Leipzig 1988}) 2...
c6 3. Nf3 Nf6 4. Nc3 dxc4 5. e3 b5 6. a4 b4 7. Nb1 Ba6 ({Versucht wurde auch} 
7... e6 8. Bxc4 Bb7 9. O-O (9. a5 $5) 9... Nbd7 {N} (9... c5) 10. a5 Rc8 11.
Nbd2 c5 12. b3 12... g6 $5 (12... cxd4 13. Nxd4 Be7 14. Bxe6 $1) 13. dxc5 Rxc5
14. a6 (14. Bb2 14... Rxa5 $5 15. Rxa5 Qxa5 16. Qa1 Qxa1 17. Rxa1 17... Bc5 18.
Bb5 18... O-O $13) 14... Ba8 15. Bb2 Bd6 (15... Bg7 16. Bd4) 16. Re1 O-O 17.
Bf1 17... Rh5 $6 (17... Qe7 $5) 18. h3 Nc5 19. Nc4 Be7 20. Nfe5 $1 20... Qc7 $1
(20... Qxd1 21. Raxd1 Nxb3 22. g4 Rh4 23. Bg2 $1 $16 {Rh4}) 21. Bd4 $5 21...
Nfe4 22. Qc2 f6 23. Ng4 e5 24. Bb2 24... Ng5 {Rh3} 25. Nd2 Rd8 26. f4 $1 $16
26... Nge4 (26... exf4 27. exf4 Qxf4 28. Qc4+ Qxc4 29. Bxc4+ Kf8 30. Rxe7 $1
30... Rxd2 31. Re2 $1 31... Rxe2 32. Bxe2 $16 {Rh5}) 27. Nxe4 Bxe4 28. Bc4+ Kf8
29. Qf2 (29. Qe2 $6 29... Bd3 $1) 29... Bd3 $8 30. Rec1 $1 (30. fxe5 Bxc4 31.
exf6 Bd6 32. bxc4 Nd3 33. Qe2 Nxe1 34. Rxe1 34... Bg3 35. Rf1 35... Rf5 $13)
30... exf4 $2 (30... Bxc4 31. Rxc4 31... Qb6 $1 32. fxe5 Nd3 33. Qe2 Nxb2 34.
Qxb2 f5 35. Qf2 Kg8 36. Nf6+ Bxf6 37. exf6 Qxf6 38. Rac1 $16 {Rh5}) 31. Nxf6
31... Rf5 $8 (31... Bxf6 32. Bxf6 $18) 32. Nxh7+ Ke8 33. Bxd3 (33. Be6 $2 33...
Nxe6 $1 34. Rxc7 34... Nxc7 $44) 33... Rxd3 34. e4 $1 $18 34... Nxe4 (34... Rh5
35. Nf6+ Bxf6 36. Bxf6 $18) 35. Rxc7 Nxf2 36. Rxa7 (36. Re1 $2 36... Re3 37.
Kxf2 $4 37... Bh4+ $19) 36... Nxh3+ (36... Bc5 37. Ra8+ 37... Kf7 $8 38. a7
Ne4+ 39. Kh2 39... Rh5 {40... Rhh3 41. gh3 Rd2 42. Kh1 Ng3#} 40. Rf8+ $1 40...
Ke7 41. Re8+ $1 $18) 37. Kf1 Bc5 38. Rc7 Ng5 (38... Rd2 39. a7 Rf2+ 40. Ke1 $18
) 39. Nxg5 Rxg5 40. a7 Bxa7 41. Raxa7 Rd1+ 42. Ke2 42... Rd8 {
1-0 Akopian-I. Ivanov, Los Angeles 1991}) 8. Qc2 (8. Be2 e6 9. O-O Be7 10. Nbd2
c3 11. bxc3 Bxe2 12. Qxe2 bxc3 13. Nb1 13... Qa5 {N} 14. Qc2 (14. Ba3 Bxa3 15.
Rxa3 Nbd7 16. Nxc3 16... O-O $14) 14... Bb4 15. Ba3 15... c5 $1 16. dxc5 Bxc5
17. Qxc3 (17. Nxc3 Bxa3 18. Rxa3 18... O-O $10) 17... Qxc3 18. Nxc3 Bxa3 19.
Rxa3 19... Ke7 $1 20. Rb3 {- Agrest-Sapis, Rewal 1992} (20. Rb3 Nbd7 21. Rb7
Rhb8 22. Rfb1 Rxb7 23. Rxb7 Rb8 24. Rxa7 Rb3 25. Rc7 Ne4 26. Ne2 26... Nec5 $10
)) 8... b3 9. Qd1 e6 10. Be2 (10. Nbd2 Qd5 11. Be2 Nbd7 12. O-O Rb8 13. Nb1 Ne4
(13... Bb4 14. Nfd2 O-O 15. Nxb3 e5 16. dxe5 Nxe5 17. Qxd5 cxd5 18. Nd4 Ne4 19.
f3 Nc5 20. Nc3 Bxc3 21. bxc3 Nb3 22. Ra2 Rfe8 23. Ba3 Nxd4 24. exd4 Nd3 25. Bc5
Nxc5 26. dxc5 Rbc8 27. Rd1 Rxc5 28. Rad2 g6 29. Kf2 Bb7 30. Rb1 Bc6 31. Bd1 Ba8
32. Re2 Rcc8 33. Rxe8+ Rxe8 34. Rb5 Kg7 35. Rc5 Kf6 36. a5 Ke6 37. Ba4 Re7 38.
Rc8 Bb7 39. Rh8 h5 40. Ke3 Kd6+ 41. Kd4 Bc6 42. Bxc6 Kxc6 43. Rc8+ Kb7 44. Rd8
Re2 45. Rxd5 Rxg2 46. Rd7+ Ka6 47. Rxf7 Rxh2 48. Kxc4 Kxa5 49. Rxa7+ Kb6 50.
Rf7 Rf2 51. Rf6+ {- Karsa-Gyurkovics, HUN-chT1 1995 (51)}) 14. Nfd2 Ndf6 15.
Nc3 Nxc3 16. bxc3 Be7 17. Bb2 17... O-O {- Adorjan-Torre, Toluca (izt) 1982})
10... c5 11. O-O Nc6 12. Ne5 Rc8 13. Na3 cxd4 14. Naxc4 Qd5 15. Bf3 Ne4 16.
Nxc6 Rxc6 17. Nd2 f5 18. Re1 d3 19. Nxb3 e5 20. Bd2 Rb6 21. Bxe4 fxe4 22. Nc1
Rxb2 23. Bc3 d2 24. Rf1 Bxf1 25. Bxb2 Bc4 26. Ne2 Bb3 27. Nc3 Bxd1 28. Nxd5 Bb3
29. Nc3 Bb4 30. Nd1 O-O 0-1